000 nam a22 7a 4500
999 _c8738
_d8738
008 180119b ||||| |||| 00| 0 eng d
100 _aJain.S.
_95087
245 _aSocial Science Geography
260 _aNew Delhi
_bPrachi
_c2009